| 000 | 00623nam a2200253Ia 4500 | ||
|---|---|---|---|
| 008 | 160321s9999||||xx |||||||||||||| ||und|| | ||
| 040 | _cEnglish | ||
| 082 | _aXI.B Banerjea | ||
| 082 | _bBORI-18696 | ||
| 100 | _aA. C. Banerjea | ||
| 245 | _aStudies In The Brahmanas | ||
| 300 | _aXV+185 | ||
| 300 | _cB | ||
| 300 | _eHardbound | ||
| 530 | _u00101158.pdf | ||
| 563 | _aStudy | ||
| 600 | _aA. C. Banerjea | ||
| 630 | _aStudies In The Brahmanas | ||
| 650 | _a"Social History,Culture" | ||
| 650 | _aGeneral Indology | ||
| 700 | _aA. C. Banerjea | ||
| 730 | _aStudies In The Brahmanas | ||
| 942 | _cBOOK | ||
| 999 |
_c1358529 _d1358526 |
||